Metal Song to Band - Statistics

General Stats
  • This quiz has been taken 106 times
  • The average score is 5 of 15
Answer Stats
Song Band % Correct
For Whom the Bell Tolls Metallica
95%
Pulse of the Maggots Slipknot
72%
Domination Pantera
65%
Sweet Leaf Black Sabbath
57%
Parabola Tool
53%
Waidmanns Heil Rammstein
41%
Born to Raise Hell Motorhead
35%
Pisces Jinjer
30%
Too Many Puppies Primus
27%
Straighthate Sepultura
24%
Pravus Meshuggah
17%
Majesty Ghost
11%
Evig Vandrar Kvelertak
4%
Dozing Green Dir en Grey
3%
One Hand Killing Twelve Foot Ninja
3%
No matching quizzes found
Score Distribution
Percent of People with Each Score
Percentile by Number Answered
Your Score History
You have not taken this quiz